Catálogo público

Cambios en la calidad de guayaba (Psidium Guayaba L.) aplicando irradiación como tratamiento cuarentenario / (Record no. 173131)

MARC details
000 -CABECERA
campo de control de longitud fija 04837nam a2200445 a 4500
001 - NÚMERO DE CONTROL
campo de control dia_2613
003 - IDENTIFICADOR DEL NÚMERO DE CONTROL
campo de control CHAP
005 - FECHA Y HORA DE LA ÚLTIMA TRANSACCIÓN
campo de control 20250528115156.0
007 - CAMPO FIJO DE DESCRIPCIÓN FÍSICA--INFORMACIÓN GENERAL
campo de control de longitud fija ta
008 - DATOS DE LONGITUD FIJA--INFORMACIÓN GENERAL
campo de control de longitud fija 220117s2003 mx ado frm 001 0 spa d
010 ## - NÚMERO DE CONTROL DE LA BIBLIOTECA DEL CONGRESO
Número de control de LC 173131
040 ## - FUENTE DE LA CATALOGACIÓN
Centro/agencia transcriptor CHAP
Centro catalogador/agencia de origen mxchpua
041 0# - CÓDIGO DE LENGUA
Código de lengua del texto/banda sonora o título independiente spa
Código de lengua del sumario o resumen eng
090 ## - LOCALMENTE ASIGNADO TIPO-LC NÚMERO DE CLASIFICACIÓN (OCLC); NÚMERO DE CLASIFICACIÓN LOCAL (RLIN)
Número de clasificación (OCLC) (R) ; Numero de clasificación, CALL (RLIN) (NR) Tesis
Número cutter local (OCLC) ; Número de libro/Signatura topográfica íntegra, CALL (RLIN) J87
año 2003
100 1# - ENTRADA PRINCIPAL--NOMBRE DE PERSONA
Nombre de persona Justo Gómez, María del Rosario
240 10 - TÍTULO UNIFORME
Título uniforme Changes on the quality of gamma irradiated guava (Psidium Guayaba L.) as a quarantine treatment.
Lenguaje de la obra Español
245 10 - MENCIÓN DE TÍTULO
Título Cambios en la calidad de guayaba (Psidium Guayaba L.) aplicando irradiación como tratamiento cuarentenario /
Mención de responsabilidad, etc. María del Rosario Justo Gómez
264 ## - PRODUCCIÓN, PUBLICACIÓN, DISTRIBUCIÓN, FABRICACIÓN Y COPYRIGHT
Producción, publicación, distribución, fabricación y copyright Chapingo, México :
Nombre del de productor, editor, distribuidor, fabricante El autor,
Fecha de producción, publicación, distribución, fabricación o copyright 2003
300 ## - DESCRIPCIÓN FÍSICA
Extensión v, 86 hojas :
Otras características físicas ilustraciones, tablas, gráficas, fotografías
336 ## - TIPO DE CONTENIDO
Fuente rdacontent
Término de tipo de contenido texto
Código de tipo de contenido txt
337 ## - TIPO DE MEDIO
Fuente rdamedia
Nombre/término del tipo de medio no mediado
Código del tipo de medio n
338 ## - TIPO DE SOPORTE
Fuente rdacarrier
Nombre/término del tipo de soporte volumen
Código del tipo de soporte nc
502 ## - NOTA DE TESIS
Nota de tesis Tesis
Tipo de título (Ingeniero Agroindustrial) --
Nombre de la institución que otorga el título UACh. Departamento de Ingeniería Agroindustrial,
Año de obtención del título 2003
504 ## - NOTA DE BIBLIOGRAFÍA, ETC.
Nota de bibliografía, etc. Bibliografía: hojas 86-94
520 3# - SUMARIO, ETC.
Sumario, etc. La irradiación es un tratamiento que representa una alternativa cuarentenaria en contra de la mosca de la fruta (Anastrepha ludens L.), el cual es un proceso fisico y no deja ningún residuo indeseable en el alimento. La mosca de la fruta es un problema para la exportación de frutas por las barreras fitosanitarias establecidas por los paises importadores. En este trabajo, se investigó efecto de la irradiación y periodo de maduración sobre la calidad de los frutos de guayaba, además del desarrollo de larvas. Se utilizaron frutos de guayaba (Psidium guajava L.) en madurez fisiológica. En el primer experimento, los frutos de guayaba fueron infestados con huevecillos de mosca mexicana de la fruta (A. ludens L.) e irradiados a 0, 150 y 300 Gy,y se colocaron en un insectario por 15 dias a 27 °C y 68 % HR para el desarrollo de larvas. La irradiación tuvo efecto en la mortalidad larvaria, debido a que las larvas de los frutos iradiados murieron mucho antes que las de los frutos testigo, ademas las larvas control mostraron un color mas claro. En otro experimento, los frutos de guayaba fueron irradiados a 0, 150 y 300 Gy y refrigerados a 10±1 C por 15 dias con 80 % HR, y almacenados a 20 C para completar su maduración. Las variables fisicoquimicas se evaluaron a los 0, 3 y 6 dias de la maduración. Los resultados mostraron que las variables evaluadas no presentaron efecto significativo por irradiación, con excepción de la firmeza y perdida de peso. El periodo de maduración no mostró diferencia significativa para la firmeza de la cáscara, acidez y los sólidos solubles totales.
520 3# - SUMARIO, ETC.
Sumario, etc. Irradiation is a treatment that it represents a quarantine alternative against the fruit fly (Anastrepha ludens L.), which is a physical process and does not leave any undesirable residue in the food. The fruit fly is a problem for fruits exportation for the phytosanitory barriers established by the importer countries. In this work, there was investigated effect of the irradiation and ripening periods on the quality of guava fruits, besides the development of larvas. Matured guava (Psidium guajava L.) fruits with approximately 3 days after harvest, were utilized. Guava fruits were infested with Mexican fruit fly (A. ludens L.) eggs, then the fruits were irradiated at 0, 150, 300 Gy, then they were put in an insectarian for 15 days at 27 C and 68 % RH to allow the growth of larvaes. The irradiation showed effect in the larvaes mortality, due a that the larvaes of irradiated fruits died before that those of nonirradiated fruits, besides the larvaes used as control showed a clear color. In other experiment guava fruits were irradiated at 0, 150 and 300 Gy and stored at 10 ± 1 °C for 15 days with 80 % RH, after storage at 20 C until the fruits were ripened. The variables phisicoquimics were evaluated at 0, 3 and 6 days of ripening. The results showed that irradiation had a significant effect luminosity, and peel and pulp firmness, no difference was found for the rest of the variables. The ripening periods no showed significant difference for peel firmness, titatrable acidity and total soluble solids.
650 13 - PUNTO DE ACCESO ADICIONAL DE MATERIA--TÉRMINO DE MATERIA
Término de materia o nombre geográfico como elemento de entrada Psidium guajava
Fuente del encabezamiento o término atg
650 13 - PUNTO DE ACCESO ADICIONAL DE MATERIA--TÉRMINO DE MATERIA
Término de materia o nombre geográfico como elemento de entrada Guayabas
Fuente del encabezamiento o término atg
Subdivisión general Irradiación alimentaria
650 13 - PUNTO DE ACCESO ADICIONAL DE MATERIA--TÉRMINO DE MATERIA
Término de materia o nombre geográfico como elemento de entrada Guayabas
Fuente del encabezamiento o término atg
Subdivisión general Cuarentena
650 13 - PUNTO DE ACCESO ADICIONAL DE MATERIA--TÉRMINO DE MATERIA
Término de materia o nombre geográfico como elemento de entrada Guavas
Fuente del encabezamiento o término atg
Subdivisión general Food irradiation
650 13 - PUNTO DE ACCESO ADICIONAL DE MATERIA--TÉRMINO DE MATERIA
Término de materia o nombre geográfico como elemento de entrada Guavas
Fuente del encabezamiento o término atg
Subdivisión general Quarantine
700 1# - PUNTO DE ACCESO ADICIONAL--NOMBRE DE PERSONA
Nombre de persona Hernández Montes, Arturo
Término indicativo de función/relación director
700 1# - PUNTO DE ACCESO ADICIONAL--NOMBRE DE PERSONA
Nombre de persona Mena Nevárez, Gustavo
Término indicativo de función/relación asesor
700 1# - PUNTO DE ACCESO ADICIONAL--NOMBRE DE PERSONA
Nombre de persona Gómez Cruz, Adalberto
Término indicativo de función/relación asesor
856 41 - LOCALIZACIÓN Y ACCESO ELECTRÓNICOS
Identificador Uniforme del Recurso <a href="http://10.13.5.2/tesis/99368.pdf">http://10.13.5.2/tesis/99368.pdf</a>
Texto de enlace DESCARGAR PDF
901 ## - ELEMENTOS DE DATOS A LOCAL LDA (RLIN)
a TESIS J87 2003
942 ## - ELEMENTOS DE PUNTO DE ACCESO ADICIONAL (KOHA)
Tipo de ítem Koha TESIS
Fuente del sistema de clasificación o colocación Clasificación Universidad Autónoma Chapingo
902 ## - ELEMENTOS DE DATOS B LOCAL, LDB (RLIN)
a M
905 ## - ELEMENTOS DE DATOS E LOCAL, LDE (RLIN)
a 0000002003 MEX 0000000000ESP00
Holdings
Estado de retiro Estado de pérdida Fuente del sistema de clasificación o colocación Estado dañado Restricciones de uso No para préstamo Código de colección Localización permanente Ubicación/localización actual Fecha de adquisición Fuente de adquisición Total de préstamos Signatura topográfica completa Código de barras Fecha visto por última vez Número de copia Precio válido a partir de Tipo de ítem Koha Ubicación en estantería
    Clasificación Universidad Autónoma de Chapingo   Préstamo interno   Tesis Ingenieria Agroindustrial Ingenieria Agroindustrial 21/05/2025 El autor   Tesis J87 2003 1101015458 02/02/2026 Ej.1 21/05/2025 Tesis  
    Clasificación Universidad Autónoma de Chapingo   Préstamo 5 días   Tesis Ingenieria Agroindustrial Ingenieria Agroindustrial 21/05/2025 El autor   Tesis J87 2003 1101015459 02/02/2026 Ej.2 21/05/2025 Tesis  
    Clasificación Universidad Autónoma de Chapingo       Tesis digitales de Licenciatura Ingenieria Agroindustrial Ingenieria Agroindustrial 21/05/2025 El autor     1201015458 21/05/2025   21/05/2025 Tesis digital En línea